Places To Study
There are group study rooms, individual study carrels, computer labs, and other spaces to study in the Libraries.
Reserve A Group Room| 000 -LEADER | |
|---|---|
| fixed length control field | 00998nam a22001937a 4500 |
| 003 - CONTROL NUMBER IDENTIFIER | |
| control field | OSt |
| 005 - DATE AND TIME OF LATEST TRANSACTION | |
| control field | 20251215091430.0 |
| 008 - FIXED-LENGTH DATA ELEMENTS--GENERAL INFORMATION | |
| fixed length control field | 251215b |||||||| |||| 00| 0 eng d |
| 040 ## - CATALOGING SOURCE | |
| Transcribing agency | DCL |
| 041 ## - LANGUAGE CODE | |
| Language code of text/sound track or separate title | Myanmar |
| 082 ## - DEWEY DECIMAL CLASSIFICATION NUMBER | |
| Classification number | ၂၉၄.၃၈၂၃၅၃ |
| 100 0# - MAIN ENTRY--PERSONAL NAME | |
| Personal name | ညောင်ကန်ဆရာတော်ဘုရားကြီး။ |
| 245 1# - TITLE STATEMENT | |
| Title | ပုံတော်စုံ ငါးရာ့ငါးဆယ်ဇာတ်ဝတ္ထုများ၊ |
| Number of part/section of a work | ပထမတွဲ၊ ဇာတ်ပေါင်း-၁၅၀ / |
| Statement of responsibility, etc. | ညောင်ကန်ဆရာတော်ဘုရားကြီး။ |
| 250 ## - EDITION STATEMENT | |
| Edition statement | တတိယအကြိမ်။ |
| 260 ## - PUBLICATION, DISTRIBUTION, ETC. | |
| Place of publication, distribution, etc. | ရန်ကုန် ၊ |
| Name of publisher, distributor, etc. | ယုံကြည်ချက်စာပေ၊ |
| Date of publication, distribution, etc. | ၂၀၀၅။ |
| 300 ## - PHYSICAL DESCRIPTION | |
| Extent | ဘ၊ ၅၆၀ စာမျက်နှာ ၊ |
| Dimensions | ၂၅ စင်တီ။ |
| 650 ## - SUBJECT ADDED ENTRY--TOPICAL TERM | |
| Topical term or geographic name entry element | ငါးရာ့ငါးဆယ်ဇာတ်ဝတ္ထု |
| 942 ## - ADDED ENTRY ELEMENTS (KOHA) | |
| Source of classification or shelving scheme | Dewey Decimal Classification |
| Koha item type | Short Term |
| Suppress in OPAC | No |
| Withdrawn status | Lost status | Source of classification or shelving scheme | Damaged status | Not for loan | Collection | Accession No. | Home library | Current library | Shelving location | Date acquired | Total checkouts | Full call number | Barcode | Date last seen | Price effective from | Koha item type |
|---|---|---|---|---|---|---|---|---|---|---|---|---|---|---|---|---|
| Dewey Decimal Classification | Myanmar Collection | ၂၈၄ | Dhammadhara | Dhammadhara | Myanmar Shelves | 15/12/2025 | ၂၉၄.၃၈၂၃၅၃ ညောင် ၂၈၄(၁) | MB00000284 | 15/12/2025 | 15/12/2025 | Short Term | |||||
| Dewey Decimal Classification | Myanmar Collection | ၆၃၉ | Dhammadhara | Dhammadhara | Myanmar Shelves | 15/12/2025 | ၂၉၄.၃၈၂၃၅၃ ညောင် ၆၃၉(၂) | MB00000639 | 15/12/2025 | 15/12/2025 | Short Term |